=LDR 00000nam 2200000 4500 =001 INLIS000000000054199 =005 20251104105322 =035 ##$$a 0010-1019000015 =007 ta =008 251104###########################0#ind## =020 ##$$a 978-979-27-4491-0 =082 ##$$a 741.5 =084 ##$$a 741.5 ADA p1 =245 1#$$a Charles Darwin dan Teori Evolusi /$c Heather Adamson =260 ##$$a Jakarta :$b Elex Media,$c 2009 =300 ##$$a 31 hlm : $b ilus ; $c 23 cm =100 #$$a Adamson Heather =990 ##$$a 00089233 =990 ##$$a 00089233